000 01133nam0a2200265 4500
001 RU\NLR\BIBL_A\012095535
005 20250623205637.0
035 _a(NLR Aleph) 012095535
090 _a11877723
_c11877723
100 _a20190918d1903 |||y0rusy50 ca
101 0 _arus
102 _aRU
105 _aa|||b|||000z|
200 1 _a[Каталог граммофонов и аксессуаров]
_hвып. 14-й
_fАнатолий Вернер, Большой склад: граммофонов
210 _aХарьков
_cПаровая типо-литография М.Я. Дрейшпуля
_dценз. 1903
215 _a32, [2] с.
_cил.
606 1 _aГраммофоны
_jКаталоги
_9899291
_3RU\NLR\AUTH\66326706
686 3 _aЗ871.2-55я87
711 0 0 _aВернер,
_bБольшой склад граммофонов
_cХарьков
_gАнатолий ,
_hмагазин
_9677646
_3RU\NLR\AUTH\880508721
852 _aNLR
_j34.48.3.880
942 _cBOOK
980 _aNB